000 00777nam a2200229 a 4500
999 _c10329
_d10329
001 10329
003 BD-JhCC
005 20180424092143.0
008 180424s1996 bg |||| |||| 000 0 mul d
020 _a9841104189
035 _a(BD-JhCC)10329
040 _aBD-JhCC
_dBD-JhCC
041 _aben & eng
082 _a025.431
_bALI 1996
100 _aআলী, মোহাম্মদ সা’দাত
245 _aআধুনিক বর্গীকরণ /
_cমোহাম্মদ সা’দাত আলী
260 _aঢাকা :
_bআহমদ পাবলিশিং হাউস,
_c১৯৯৬.
300 _a১১২ পৃ. :
_c২০ সেমি.
504 _aIncludes Bibliography
650 _aLibrary Classification
942 _2ddc
_cREF